=LDR 00000nam 2200000 4500 =001 INLIS000000000020088 =005 20130612115057 =008 ***********************************Ind** =035 ##$$a0010-061300000020088 =041 ##$$a Ind =082 ##$$a 346.04 =090 ##$$a 346.04, San h =100 ##$$a Santoso, Urip =245 ##$$a Hukum agraria dan hak-hak atas tanah, Urip Santoso =260 ##$$a 2006 $b Jakarta =300 ##$$a xvi, 350 hlm, 21 cm =650 ##$$a Hukum Agraria =850 ##$$a NBPNMAT =990 ##$$a 92940/BPAP-NTB/2014 =990 ##$$a 21400613/BPAP-NTB/20142014 =990 ##$$a 0001/BPAP-NTB/20142014